Simulation of mechanical systems (Record no. 22118)

000 -LEADER
fixed length control field 00589nam a22002051 4500
001 - CONTROL NUMBER
control field 22118
003 - CONTROL NUMBER IDENTIFIER
control field BD-DhUET
008 - FIXED-LENGTH DATA ELEMENTS--GENERAL INFORMATION
fixed length control field 740410s1967 nyua b 000 0 eng
040 ## - CATALOGING SOURCE
Original cataloging agency DLC
Transcribing agency DLC
Modifying agency BD-DhUET
082 ## - DEWEY DECIMAL CLASSIFICATION NUMBER
Classification number 620.1
Item number SHI/1967
100 ## - MAIN ENTRY--PERSONAL NAME
Personal name Shigley, Joseph Edward
245 10 - TITLE STATEMENT
Title Simulation of mechanical systems
Remainder of title an introduction
250 ## - EDITION STATEMENT
Edition statement 1st ed.
260 ## - PUBLICATION, DISTRIBUTION, ETC. (IMPRINT)
Place of publication, distribution, etc. New York
Name of publisher, distributor, etc. McGraw-Hill
Date of publication, distribution, etc. 1967
300 ## - PHYSICAL DESCRIPTION
Extent xi, 352 p.
Other physical details illus.
Dimensions 23 cm.
490 0# - SERIES STATEMENT
Series statement McGraw-Hill Series in Mechanical Engineering
504 ## - BIBLIOGRAPHY, ETC. NOTE
Bibliography, etc Includes bibliographies
650 #0 - SUBJECT ADDED ENTRY--TOPICAL TERM
Topical term or geographic name as entry element Mechanical engineering
942 ## - ADDED ENTRY ELEMENTS (KOHA)
Koha item type General Book
Holdings
Koha full call number Withdrawn status Not for loan Damaged status Location (home branch) Koha date last seen Price effective from Piece designation (barcode) Lost status Date acquired Copy number Shelving location Koha normalized classification for sorting Sublocation or collection (holding branch) Source of classification or shelving scheme Koha item type
620.1/SHI/1967   Central Library, BUET2015-04-232015-04-2315652 2015-04-231Circulation section620_100000000000000_SHI_1967Central Library, BUET General Book
620.1/SHI/1967   Central Library, BUET2015-04-232015-04-2315653 2015-04-232Circulation section620_100000000000000_SHI_1967Central Library, BUET General Book